000 01699cam a2200433 a 4500
001 75620
005 20230410103923.0
008 080211s20082005nyuab b 001 0 eng
010 _a2008922782
035 _a(OCoLC)ocn213308893
040 _aDLC
_cDLC
_dBTCTA
_dBAKER
_dYDXCP
_dOCO
_dJED
_dVP@
_dAU@
020 _a9781592577910 (alk. paper)
020 _a1592577911 (alk. paper)
029 1 _aNZ1
_b12463466
029 1 _aAU@
_b000043496425
035 _a(OCoLC)213308893
043 _aaw-----
050 1 4 _a439 DS 62.8
_bB245c 2008
082 0 0 _a956.04
049 _aGRAL
100 1 _aBard, Mitchell Geoffrey,
_d1959-
245 1 4 _aThe complete idiot's guide to:
_bMiddle East conflict /
_cby Mitchell G. Bard.
246 3 0 _aMiddle East conflict
246 3 0 _aComplete idiot's guide
250 _a4th ed.
260 _aNew York :
_bAlpha Books,
_c2008 c2005
300 _axxxiii, 462 p. :
_bill., maps ;
_c24 cm.
500 _aGet a handle on the problems of a war-torn region (cover)
504 _aIncludes bibliographical references (p. [429]-442) and index.
505 0 _aIn the Beginning, p.1 -- Religion and Politics Mix, p.31 -- The Great War's Spoils, p.73 -- A State for the Jews, p.139 -- War and Peace, p.173 -- Inching Toward Peace, p.239 -- Why Can't We All Get Along?, p.277.
651 0 _aMiddle East
_xHistory
_y20th century.
651 4 _aMedio Oriente
_xHistoria
_ySiglo XX
925 0 _aacquire
_b3 shelf copies
_xpolicy default
938 _aBaker and Taylor
_bBTCP
_nBK0007662328
938 _aBaker & Taylor
_bBKTY
_c19.95
_d14.96
_i1592577911
_n0007662328
_sactive
938 _aYBP Library Services
_bYANK
_n2836882
942 _2lcc
_cbk
994 _aC0
_bDRFGD
999 _c28480
_d28480